[Event "Dortmund SuperGM 38th"]
[Site "Dortmund"]
[Date "2010.07.17"]
[Round "3"]
[White "Mamedyarov, Shakhriyar"]
[Black "Le, Quang Liem"]
[Result "1-0"]
[WhiteElo "2761"]
[BlackElo "2681"]
[Annotator "Ftacnik,L"]
[PlyCount "105"]
[EventDate "2010.07.15"]
[EventType "tourn"]
[EventRounds "10"]
[EventCountry "GER"]
[EventCategory "20"]
[SourceTitle "CBM 138"]
[Source "ChessBase"]
[SourceDate "2010.09.17"]
[SourceVersion "1"]
[SourceVersionDate "2010.09.17"]
[SourceQuality "1"]

1. d4 d5 2. c4 c6 3. Nf3 Nf6 4. Qc2 dxc4 5. Qxc4 Bf5 6. g3 e6 7. Bg2 Nbd7 8.
O-O Be7 9. Nc3 O-O 10. Re1 Ne4 11. Qb3 Qb6 12. Nh4 $5 {Black players have been
scoring very well with this solid line. Despite the absence of the central
pawn chain Black could claim excellent development with no weaknesses. The
radical knight move to h4 has attracted more attention in the last few years
as White was failing to achieve any sort of plus.} Bxh4 13. gxh4 Ndf6 $5 {
This appealing idea deserves some praise for consistency. The alternative 13...
Nxc3 has not been played enough, but 13...Nef6 14.e4 Bg6 got a slightly
dubious reputation. White has managed to prove, that two bishops and a nice
pawn centre make him the favourite.} (13... Nxc3 14. bxc3) (13... Nef6 14. e4
Bg6 15. Qxb6 axb6 16. Bf4) 14. f3 (14. Nxe4 Nxe4 (14... Bxe4 15. Qxb6 axb6 16.
f3 Bd5 17. a3 Bc4 18. b3 Bxb3 19. Rb1 Bc4 20. Rxb6 Ra7 21. a4 Nd5 22. Rb2 f5
23. e4 fxe4 24. fxe4 Nf4 25. Bxf4 Rxf4 $11 {1/2-1/2 Landa,K (2635)-Gasanov,E 
(2514)/Dagomys 2010 (37)}) 15. Qxb6 axb6 16. f3 Nd6 17. e4 Bg6 18. a4 Rfd8 19.
b3 b5 20. Bf4 bxa4 21. bxa4 Nc4 22. Reb1 Rxd4 23. Rxb7 e5 (23... f5 $1 $11) 24.
Bg3 f6 25. Bf2 $14 {1-0 Landa,K (2635)-Sarthou,G (2386)/France 2010 (62)})
14... Nxc3 15. bxc3 Qc7 {The tricky idea with 15...e5 fails to impress, even
though in practical game it has brought success to the author.} (15... e5 16.
Qxb6 (16. e4 Be6 17. Qa4 Nh5 18. Be3 Qd8 19. Bg5 Qc7 20. Qb4 b6 21. Red1 c5 22.
Qb2 h6 23. Be3 cxd4 24. cxd4 exd4 25. Rxd4 Rac8 26. Bf1 Qe7 $11 {0-1
Stabolewski,A (2267)-Zherebukh,Y (2572)/Dresden 2010 (39)}) 16... axb6 17. dxe5
Nd7 18. e4 Be6 19. f4 b5 20. Be3 g6 21. h5 (21. a3 Ra4 22. Rf1 f6 23. exf6 Nxf6
24. Bc5 $14) 21... Ra3 22. hxg6 hxg6 23. f5 gxf5 24. Bh6 f4 25. Bxf8 Kxf8 26.
Rf1 Rxc3 27. Rxf4 Nxe5 $11 {0-1 Wojtaszek,R (2637)-Zherebukh,Y (2527)/Warsaw
2009 (47)}) 16. e4 Bg6 17. c4 {The sitiation has been clarified. White can
claim the bishop pair and a strong pawn centre. Black believes in his firm
position and in the potential for counterplay against the compromised kingside
of his opponent.} (17. Re2 Nh5 18. Rf2 Rfd8 19. Be3 h6 20. a4 Rd7 21. a5 Qd8
22. a6 b6 23. f4 Rc8 24. f5 exf5 25. exf5 Bh7 26. f6 Nxf6 27. Bh3 Rd5 28. Bxc8
Qxc8 $15 {0-1 Khenkin,I (2647)-Karjakin,S (2730)/Dresden 2008 (40)}) (17. Rb1
b6 18. Rb2 Nh5 19. Rf2 Nf4 20. c4 {1/2-1/2 Miroshnichenko,E (2651)-Motylev,A 
(2645)/Predeal 2007}) (17. a4 Nh5 18. a5 Rab8 19. Ba3 Rfd8 20. Qb2 b6 21. axb6
{1/2-1/2 Vitiugov,N (2608)-Motylev,A (2648)/Krasnoyarsk 2007}) (17. e5 Nd5 18.
Ba3 Rfd8 19. Bd6 Qd7 20. c4 Ne7 21. Bh3 Nf5 22. Bxf5 Bxf5 23. a4 f6 24. Ra2 Qf7
25. Rg2 Rd7 $11 {1/2-1/2 Miroshnichenko,E (2647)-Gasanov,E (2541)/Moscow 2008 
(32)}) (17. Be3 Rad8 (17... Nh5 18. c4 b6 19. Qb2 Nf4 20. Bf1 Bh5 21. Qf2 f5
22. e5 Ng6 23. f4 Qd8 24. Bg2 Nxh4 25. Bh1 Rc8 26. a4 h6 27. a5 bxa5 28. d5
cxd5 29. cxd5 exd5 30. Bxa7 $15 {1/2-1/2 Spirin,O (2468)-Rasmussen,A (2510)/
Gothenburg 2010 (36)}) 18. Rab1 Rd7 19. Qa3 Qb8 20. Qc1 Nh5 21. Rb2 f5 22. Bh3
Qe8 23. d5 e5 24. dxc6 bxc6 25. Qb1 Qe7 26. exf5 Qxh4 27. Bg4 Bxf5 28. Bxf5
Rxf5 29. Qxf5 Qxe1+ 30. Kg2 Rd8 $11 {1/2-1/2 Ginting,N (2397)-Yee,S (2209)/
Olongapo City 2010 (39)}) 17... Rfd8 (17... Nh5 18. a4 Rad8 19. Ba3 Rfe8 20.
Qe3 Rd7 21. Red1 Qd8 22. Qf2 Nf4 23. Bf1 Bh5 24. Bb4 f5 25. e5 Ng6 26. Bd6 Nxh4
27. Rd3 f4 $17 {0-1 Slugin,S (2402)-Vokarev,S (2503)/Sochi 2008 (56)}) 18. Be3
h6 (18... Nh5 19. Rad1 b6 20. Qb2 h6 {1/2-1/2 Georgiev,V (2576)-Tkachiev,V 
(2661)/Heraklio 2007}) 19. Qb2 {Opening the centre would be desirable, but the
black pieces are well prepared for any aggression.} (19. Red1 b6 20. Rac1 Qe7
$11) 19... Rd7 20. Kh1 (20. Rad1 Qa5 $13) 20... Kh7 21. Bh3 Nh5 22. Qd2 Qd8 (
22... Rdd8 23. Rab1 e5 24. d5 Nf4 25. Bxf4 exf4 26. Red1 $16) 23. Qf2 f5 $1 {
Excellent counterplay at the right moment. The compromised white pawns are
making his position and the king vulnerable.} 24. d5 $1 {Mamedyarov
understands the need to open up the position for his bishops.} (24. exf5 Bxf5
25. Bg4 Nf6 26. Bxf5+ exf5 27. Qc2 g6 $11) 24... cxd5 {The talented Vietnamese
player refrains from the tempting idea of the immediate 24...fxe4, since White
could get a plus with his connected passed pawns.} (24... fxe4 25. dxe6 (25.
Bxe6 cxd5 26. cxd5 Rxd5 27. Bxd5 Qxd5 28. f4 $11) 25... Rd3 26. f4 Nf6 27. Rab1
b6 28. f5 Bh5 29. Bg2 $14) 25. cxd5 (25. exd5 exd5 26. cxd5 Rxd5 27. Bg2 f4 28.
Bxa7 Rd2 29. Qb6 Qxh4 $19) 25... fxe4 (25... exd5 26. exf5 Bf7 27. Bd4 Nf6 28.
Bf1 $16) 26. dxe6 Rd3 27. fxe4 Bxe4+ 28. Kg1 Qe8 {Black has only one worry in
White's dangerous pawn on e6.} (28... Qf6 29. Qxf6 Nxf6 30. Bf1 Rd6 31. e7 $14)
29. Qf7 Nf6 30. Rac1 Qb5 $2 {[%mdl 256] Black is absolutely right in his
feeling, that counterplay is necessary. Unfortunately he failed to grasp, that
it can be perfectly combined with the mobilisation of the last piece 30..Rc8!}
(30... Rc8 $1 31. Qxe8 (31. Bf1 Rxe3 32. Qxe8 Rxc1 33. Rxe3 Nxe8 34. Rxe4 Kg6
$11) 31... Rxe8 32. Bf1 Ra3 33. Bc4 Bd5 34. Bc5 Ra4 35. Bd3+ Kg8 36. e7 a6 $11)
31. Rc7 Ne8 (31... Nh5 32. Qf2 Qe5 33. Rxb7 $1 Re8 34. Rd7 $16) 32. Rc5 {
Despite the strength of both players the position is too complicated to be
played with any level of perfection.} (32. Rd7 $5 Qa5 33. Qf2 Nf6 34. Rxd3 Bxd3
35. e7 $16) 32... Qb4 33. Bf5+ Bxf5 34. Qxf5+ Kh8 (34... g6 $5 {It may seem
odd, but at this moment Le Quang could have broken the spell of repeated
checks on f8-f5 with the timely 34...g6!? Tactically it is fine, but in the
long term his king would remain vulnerable.} 35. Qf2 (35. Qxd3 Qxe1+ 36. Kg2
Qxh4 37. Rc4 Qh5 38. Rf4 $14) 35... Rad8 36. h3 Rd1 37. Rxd1 Rxd1+ 38. Kg2 $14)
35. Qf8+ Kh7 36. Qf5+ Kh8 37. Bf2 {Both kings are not too happy about their
cover, but Black is also struggling to blockade the dangerous e6-pawn.} Rd4 (
37... Rd2 38. e7 Qa4 39. Qf3 Nf6 40. Rc7 $16) 38. Qf8+ Kh7 39. Qf5+ Kh8 (39...
g6 40. Qf7+ Ng7 41. Rc7 Rg4+ 42. Kh1 Rg8 43. Rxb7 $16) 40. a3 Rg4+ 41. Kh1 Qa4
42. Qf8+ Kh7 43. Qf5+ {The Black's defence is surprisingly tough and it is
anything but easy to achieve progress.} (43. Qf3 $1 Nf6 44. Bg3 Re8 45. Rc7 Re4
46. Rg1 R8xe6 47. Bd6 Re1 (47... Rxd6 48. Rcxg7+ Kh8 49. Qxf6 $18) 48. Rcxg7+
Kh8 49. Qxb7 Qe4+ 50. Qxe4 Nxe4 51. Rg8+ Kh7 52. Rxe1 Kxg8 53. Bb4 $14) 43...
Kh8 44. Bg3 (44. e7 Rf4 45. Qf8+ Kh7 46. Bg3 Rf6 47. Rf5 Qc6+ 48. Kg1 Rc8 $14)
44... b6 (44... Qxa3 45. e7 Qa4 46. Qf3 Nf6 47. Qxb7 $14) 45. Qf8+ Kh7 46. Qf5+
Kh8 47. Qf8+ Kh7 48. Rcc1 (48. Rc3 $1 Rc4 49. Rf3 Qa5 50. e7 $16) 48... Rg6 $2
{Tired by the tension of defending for many moves Black stumbles in the choice
of direction for his rook. He was not needed for the defence, but could do
much more in pursuit of counterplay.} (48... Rc4 $1 49. Rxc4 Qxc4 50. Qf5+ Kg8
51. Qf7+ Kh7 52. Qf3 Rc8 $14) 49. Qf3 $1 Rd8 50. Qf5 Qg4 {A very sad necessity,
but now all dreams of counterplay have vanished.} 51. Qxg4 Rxg4 52. e7 Ra8 (
52... Rdd4 53. Rc8 Nf6 54. Rf8 Rge4 55. Rxf6 gxf6 56. e8=Q Rxe8 57. Rxe8 $18)
53. Red1 1-0

[Event "Biel"]
[Site "Biel"]
[Date "1990.??.??"]
[Round "8"]
[White "Miles, Anthony John"]
[Black "Karpov, Anatoly"]
[Result "1/2-1/2"]
[WhiteElo "2595"]
[BlackElo "2730"]
[Annotator "Ftacnik,L"]
[PlyCount "39"]
[EventDate "1990.07.??"]
[EventType "tourn"]
[EventRounds "14"]
[EventCountry "SUI"]
[EventCategory "14"]
[SourceTitle "CBM 019"]
[Source "ChessBase"]
[SourceDate "1990.12.01"]
[SourceVersion "1"]
[SourceVersionDate "1990.12.01"]
[SourceQuality "1"]

1. d4 Nf6 2. Nf3 e6 3. c4 d5 4. Nc3 dxc4 5. Qa4+ (5. e4 Bb4 6. Bg5) 5... Nbd7
$6 (5... c6 6. Qxc4 b5 $10) 6. e4 c5 7. d5 $1 exd5 8. e5 b5 $1 {N} (8... d4 9.
Bxc4 dxc3 10. exf6 (10. Ng5 $5) 10... Qxf6 11. Bg5 Qc6 12. Qxc6 bxc6 13. O-O-O
$18) 9. Qxb5 (9. Nxb5 Ne4 10. Bxc4 dxc4 11. Qxc4 Qa5+) 9... Rb8 10. Qa4 d4 11.
exf6 (11. Nb5 Nd5 12. Bxc4 N5b6) 11... dxc3 12. Bxc4 Rb4 $1 (12... cxb2 $2 13.
Bxf7+ $1 Kxf7 14. Ng5+ Kxf6 (14... Kg6 15. Qe4+) 15. Qc6+ $1 Kf5 16. Qe6#) 13.
Qc2 (13. Qd1 Nxf6 (13... Qxf6 14. Bg5 Qd6 15. Qe2+ Be7 16. Rd1 Rxb2 17. Qe3 $18
) (13... gxf6 $5 $13) 14. Bxf7+ Ke7 15. Qxd8+ Kxd8 16. bxc3 Re4+ 17. Be3 Ke7 (
17... Ng4 18. O-O-O+ Ke7 19. Bd5 Nxe3 20. Bxe4 Nxd1 21. Rxd1 $16) 18. Bb3 Ng4
$14) 13... Nxf6 14. b3 $1 (14. Ne5 Bd6 15. Nxf7 (15. Bxf7+ Kf8 16. Nc6 Qc7 17.
Nxb4 cxb4 18. Bb3 Ba6 $132) 15... Qe7+ 16. Qe2 Bc7 $10) (14. Qe2+ Qe7 15. Ne5
Be6 16. Bb5+ Bd7 $1) 14... Be6 (14... Qe7+ 15. Be3 Be6 16. O-O Bxc4 17. bxc4
Qe4 18. Qxc3 Qxc4 19. Qe5+ $40) 15. O-O (15. Bxe6 Re4+) 15... Bxc4 16. bxc4 Be7
17. Ne5 $6 (17. Qxc3 $14) 17... O-O $1 18. Qxc3 (18. Nc6 Qc7 19. Nxb4 cxb4 $13)
18... Bd6 19. Nd3 (19. Nc6 $6 Bxh2+ $1 20. Kh1 (20. Kxh2 Qd6+ 21. Ne5 Qxe5+ 22.
Qxe5 Ng4+) 20... Qc7 21. Nxb4 cxb4 22. Qxb4 Rb8 $17) 19... Rb6 20. Re1 {
Ftacnik,L} 1/2-1/2

[Event "Bayamo"]
[Site "Bayamo"]
[Date "1990.??.??"]
[Round "3"]
[White "Verduga Zavala, Denis"]
[Black "Yakovich, Yuri"]
[Result "0-1"]
[WhiteElo "2405"]
[BlackElo "2470"]
[Annotator "Ftacnik,L"]
[PlyCount "56"]
[EventDate "1990.04.??"]
[EventType "tourn"]
[EventRounds "13"]
[EventCountry "CUB"]
[EventCategory "8"]
[SourceTitle "CBM 018"]
[Source "ChessBase"]
[SourceDate "1990.10.01"]
[SourceVersion "1"]
[SourceVersionDate "1990.10.01"]
[SourceQuality "1"]

1. Nf3 d5 2. d4 Nf6 3. c4 dxc4 4. Qa4+ Nc6 5. g3 Nd7 6. Qxc4 Nb6 7. Qd3 e5 $1
8. Bg5 (8. dxe5 Qxd3 9. exd3 Bg4 10. Bg2 Nb4 $17) (8. Nxe5 Nb4 9. Qc3 Qxd4)
8... f6 9. Be3 Nb4 10. Qd1 $6 (10. Qb3 $22 exd4 11. Nxd4 c5 12. Ne6) 10... exd4
11. Bxd4 c5 $1 12. Bc3 Qxd1+ 13. Kxd1 Be6 14. b3 Be7 15. Kc1 O-O $17 16. Bg2 a5
17. Nbd2 N4d5 18. Bb2 a4 19. Nc4 Nxc4 20. bxc4 Nb6 21. Nd2 Rab8 22. Rd1 Rfd8
23. Bc3 Nxc4 24. Rb1 (24. Nxc4 Rxd1+ 25. Kxd1 Bxc4 $19) 24... b5 25. Bc6 b4 26.
Nxc4 Bxc4 27. Rxd8+ Rxd8 28. Bd2 a3 {Ftacnik,L} 0-1

[Event "Interzonal-16"]
[Site "Biel"]
[Date "1993.??.??"]
[Round "11"]
[White "Agdestein, Simen"]
[Black "Illescas Cordoba, Miguel"]
[Result "1/2-1/2"]
[WhiteElo "2610"]
[BlackElo "2625"]
[Annotator "Ftacnik,L"]
[PlyCount "58"]
[EventDate "1993.07.16"]
[EventType "swiss"]
[EventRounds "13"]
[EventCountry "SUI"]
[SourceTitle "CBM 037"]
[Source "ChessBase"]
[SourceDate "1993.12.01"]
[SourceVersion "1"]
[SourceVersionDate "1993.12.01"]
[SourceQuality "1"]

1. c4 Nf6 2. Nf3 c6 3. d4 d5 4. Qc2 dxc4 5. Qxc4 Bf5 6. g3 Nbd7 7. Bg2 e6 8.
O-O Be7 9. Qb3 Qb6 10. Nbd2 O-O 11. Nc4 Qa6 12. Bf4 Nb6 $1 (12... Be4 $6) 13.
Bd6 Bxd6 (13... Rfe8 $5) 14. Nxd6 Bg6 15. a4 Rad8 16. Nxb7 (16. Nb5 $5) 16...
Qxb7 17. a5 Be4 18. axb6 axb6 19. Ra3 $2 (19. Ra4 c5 (19... b5 20. Ra3 $13) 20.
dxc5 bxc5 21. Qxb7 Bxb7 22. Rc1 Rb8 $1 23. Rxc5 Bxf3 $10) 19... Bxf3 20. Bxf3 (
20. Qxf3 Rxd4 21. Qxc6 Qxc6 22. Bxc6 Rb4 $17) 20... Rxd4 21. Rfa1 Nd5 22. Ra7
Qb8 23. e3 Rb4 24. Qa3 Rb5 $2 (24... c5 25. Ra8 Qb7 $1 $17) 25. Ra8 Ra5 26.
Rxb8 Rxb8 27. Qxa5 bxa5 28. Rxa5 g6 29. Rc5 Rxb2 1/2-1/2

[Event "Novgorod"]
[Site "Novgorod"]
[Date "1995.06.05"]
[Round "9"]
[White "Kramnik, Vladimir"]
[Black "Ehlvest, Jaan"]
[Result "0-1"]
[WhiteElo "2715"]
[BlackElo "2615"]
[Annotator "Ftacnik,L"]
[PlyCount "59"]
[EventDate "1995.05.??"]
[EventType "tourn"]
[EventRounds "9"]
[EventCountry "RUS"]
[EventCategory "17"]
[SourceTitle "CBM 048"]
[Source "ChessBase"]
[SourceDate "1995.10.01"]
[SourceVersion "1"]
[SourceVersionDate "1995.10.01"]
[SourceQuality "1"]

1. Nf3 {Hansen,Cu} d5 2. d4 e6 3. c4 dxc4 4. Qa4+ Nd7 5. e4 Ngf6 6. Nc3 a6 (
6... c5 7. d5 exd5 8. e5 d4 9. exf6 dxc3 10. Bxc4 Qxf6 11. Bg5 Qg6 12. O-O f6
13. Rad1 c2 14. Rd2 fxg5 15. Ne5 Qf5 16. Nxd7 Bxd7 17. Rxd7 Qxd7 18. Bb5 Rd8
19. Re1+ Be7 20. Qe4 Kf7 21. Bxd7 Rxd7 22. Qf5+ Ke8 23. Qxc5 $16 {Kramnik,
V-Polgar,Zsu/Monaco Amber 25'/1994/1-0 (118)}) 7. Bxc4 Rb8 (7... b5 $2 8. Bxb5)
(7... c6 8. Be2 (8. Qd1 {Hansen,Cu} Be7 (8... c5 {- 44/513}) 9. O-O O-O 10. a4
$1 b6 11. Bd3 Bb7 12. e5 $1 Nd5 13. Nxd5 cxd5 {Kasparov,G-Short,N/London(m/3
rapid) 59/(478)/1993} 14. b4 $1 b5 15. axb5 axb5 16. Bd2 $16 {><b5 Makarichev,S
}) (8. Qc2 c5 (8... b5 9. Bd3 Be7 $2 10. e5 Nd5 11. Nxd5 cxd5 12. Bxh7 $18 {
1-0 Krasenkov,M-Mesropov,K/Moscow4 1991 (21)}) 9. dxc5 Bxc5 10. O-O Qc7 11. Qe2
Ng4 12. Bb3 $13 {Knezevic,M-Romanishin,O/Kiev 25/550 1978 (36)}) 8... b5 9. Qc2
Bb7 10. e5 Nd5 11. Nxd5 cxd5 12. O-O Be7 13. Bd3 Rc8 14. Qe2 Nb6 15. b3 h5 16.
Bd2 Kd7 17. Ba5 Rc6 18. g3 Qb8 19. h4 g6 20. Qd2 {1-0/Arbakov,V-Baron
Rodriguez,J/Linares op/1995/}) (7... c5 {Hansen,Cu} 8. dxc5 Bxc5 9. e5 Ng4 10.
Ne4 Qc7 11. Be2 Ngxe5 12. Nxe5 Qxe5 13. Nxc5 Qxc5 14. Be3 Qe7 15. O-O O-O 16.
Rac1 Rd8 17. Rc7 $16 {Taimanov,M-Kots,Y/URS-ch30 Erevan 1962 (27)}) 8. Qc2 b5
9. Bd3 (9. Be2 Bb7 10. O-O $2 (10. e5 Nd5 11. O-O c5 $10 {Ivanchuk,V}) (10. a3
{Hansen,Cu} c5 11. dxc5 Bxc5 $10 {Espina,Carlos-Pilnik,Herman/Mar del Plata 
(08) 1942 (33)}) 10... b4 $1 11. e5 bxc3 12. exf6 cxb2 $1 13. fxg7 $6 (13. Bxb2
gxf6 $1 $17) 13... bxa1=N $3 14. gxh8=Q (14. gxf8=Q+ Rxf8 15. Qc3 Rg8 16. Qxa1
Qf6 $17) 14... Nxc2 15. Bg5 Bxf3 (15... f6 $5 16. Qxh7 fxg5 17. Qg6+ Ke7 18.
Qxc2 $17) (15... Qc8 $2 16. Qxh7 Bxf3 17. Bxf3 Nxd4 18. Bh5 $40) 16. Bxd8 Bxe2
17. Bxc7 (17. Rc1 $2 Kxd8 $1 $19) 17... Rb7 18. Bd6 (18. Rc1 $2 Rxc7 19. Qxh7
Bb5 $1 {/\} 20. Rxc2 $2 Nf6 $19) 18... Bxf1 19. Kxf1 Rb6 20. Bxf8 $6 (20. Bc5
$1 Nxc5 21. dxc5 Rc6 22. Qxh7 $15) 20... Nxf8 $17 {Xu Jun-Ivanchuk,V/Luzern/
1993/}) (9. Bb3 c5 10. Bf4 c4 11. Bxc4 bxc4 12. Bxb8 Nxb8 13. d5 Nbd7 $1 $13)
9... Bb7 (9... c5 10. Bf4 Rb6 $13) 10. Bf4 (10. O-O {Hansen,Cu} c5 11. Bf4 Rc8
12. d5 c4 $10 {Opocensky,K-Lundin,E/Buenos Aires ol-fin (12) 1939 (35)}) 10...
Rc8 11. Rd1 c5 12. d5 {[%cal Rd1d8]} c4 13. dxe6 cxd3 14. exf7+ $2 (14. exd7+
Qxd7 15. Rxd3 Qg4 $36) 14... Kxf7 15. Rxd3 {[%csl Rf7][%cal Re4e5,Rd3d8] White
fails to have enough for the sacrificed piece.} (15. Ng5+ Kg8 16. Qb3+ Rc4 $17)
15... Qe8 $1 16. O-O (16. Ng5+ Kg8 17. Qb3+ Rc4 {/\Nc5}) 16... Nc5 17. Re3 Kg8
{[%cal Rb5b4]} 18. Rfe1 (18. e5 Ng4 19. Re2 Qf7 $17) 18... h6 19. e5 Nh5 {
[%csl Rf4]} 20. Bg3 (20. e6 Nxf4 21. e7 Qh5 $19) 20... Ne6 $1 {[%csl Ge6][%cal
Rb5b4] This ends the actuall fight, white has no claim on compensation.} 21.
Qf5 Qf7 22. Qg4 (22. Qxf7+ Kxf7 $19) 22... Nxg3 23. hxg3 h5 24. Qh4 Bc5 25. Rd3
g5 26. Qh1 (26. Nxg5 $2 Qxf2+ 27. Kh2 Qxg2#) 26... g4 27. Ne4 Bxe4 28. Rxe4 Qf5
29. Qh4 Rh6 (29... Qxe4 30. Qf6 Re8 $19) 30. Nd2 (30. Nd2 {Hansen,Cu} Qxf2+ 31.
Kh2 Qg1#) 0-1

[Event "Rubinstein Memorial 34th"]
[Site "Polanica Zdroj"]
[Date "1997.??.??"]
[Round "9"]
[White "Gelfand, Boris"]
[Black "Psakhis, Lev"]
[Result "1/2-1/2"]
[WhiteElo "2695"]
[BlackElo "2565"]
[Annotator "Gelfand,B"]
[PlyCount "72"]
[EventDate "1997.08.19"]
[EventType "tourn"]
[EventRounds "11"]
[EventCountry "POL"]
[EventCategory "16"]
[SourceTitle "CBM 061"]
[Source "ChessBase"]
[SourceDate "1997.11.23"]
[SourceVersion "1"]
[SourceVersionDate "1997.11.23"]
[SourceQuality "1"]

1. d4 {Huzman} Nf6 2. c4 e6 3. Nf3 d5 4. Nc3 dxc4 5. Qa4+ Nbd7 6. e4 a6 7. Bxc4
Rb8 8. Qc2 b5 9. Bd3 Bb7 10. Bf4 Rc8 11. d5 $1 $146 (11. O-O c5 12. d5 c4 13.
Be2 exd5 (13... b4 {Huzman} 14. dxe6 fxe6 15. e5 $36) 14. Rad1 (14. Nxd5 {
Huzman} Bxd5 (14... Nxd5 {Huzman} 15. exd5 Nf6 16. d6 $5 (16. Rad1 Nxd5 17. Be5
f6 18. Bg3 $44 {[%csl Ge6][%cal Gf3d4]}) 16... Bxd6 17. Rad1 Nd5 18. Bxd6 Qxd6
19. Ng5 $44) 15. exd5 Bc5 16. b3 (16. d6 O-O 17. Rad1 Qb6 {[%csl Yd6][%cal
Yf8d8,Yd7f8]}) 16... cxb3 17. Qxb3 O-O 18. Rad1 Qb6 {[%cal Yf6e4] 0-1
Sherbakov,R-Svidler,P/RUS-ch m1-2 Elista (3) ;CBM 59 1997 (41)} (18... Qb6 {
Huzman} 19. Ng5 h6 20. Ne6 fxe6 21. dxe6 Bxf2+ 22. Rxf2 Nc5 23. Be3 Qxe6 24.
Qxe6+ Nxe6 25. Rd6 Rfe8 {Sherbakov,R-Svidler,P/RUS-ch m1-2 1997/CBM 59/[Huzman]
/0-1 (41)})) (14. e5 {Huzman} Ne4 15. Rad1 Ndc5) (14. exd5 {Huzman} Bc5 15. d6
O-O 16. Rad1 Qb6 $11) 14... dxe4 15. Ne5 Rc7 16. Ng4 Rc5 17. Nxf6+ Qxf6 18. Be3
Re5 19. Bd4 Bc5 20. Bxe5 Qxe5 21. Qd2 Bc6 22. Bg4 f5 23. Nxe4 {1-0 Schlosser,
P-Kekki,P/Aabybro Nordic-tt ;EXT 89 1989 (42)} (23. Nxe4 fxg4 24. Nxc5 Qxc5 25.
Rfe1+ Kd8 26. Re6 Rf8 27. b4 Qd5 28. Qxd5 Bxd5 {Schlosser,P-Kekki,P/Aabybro
Nordic-tt 1989/EXT 89/1-0 (42)})) (11. Rd1 c5 12. d5 {[%cal Rd1d8]} (12. dxc5
Qa5 13. c6 Bxc6 14. O-O Nc5 15. Rfe1 Nxd3 16. Qxd3 Be7 {1/2-1/2 Kljako,D-Sher,
M/Biel op (02) ;EXP 19 1990 (32)}) 12... c4 13. Be2 (13. dxe6 {Ftacnik} cxd3
14. exf7+ $2 (14. exd7+ {Ftacnik} Qxd7 15. Rxd3 Qg4 $36) 14... Kxf7 15. Rxd3 {
[%csl Rf7][%cal Re4e5,Rd3d8] White fails to have enough for the sacrificed
piece.} (15. Ng5+ {Ftacnik} Kg8 16. Qb3+ Rc4 $17) 15... Qe8 $1 16. O-O (16.
Ng5+ {Ftacnik} Kg8 17. Qb3+ Rc4 {/\Nc5}) 16... Nc5 17. Re3 Kg8 {[%cal Rb5b4]
0-1 Kramnik,V-Ehlvest,J/Novgorod (09) ;CBM 48 1995 (30)} (17... Kg8 {Huzman}
18. Rfe1 h6 19. e5 Nh5 20. Bg3 Ne6 21. Qf5 Qf7 22. Qg4 Nxg3 23. hxg3 h5 24. Qh4
Bc5 25. Rd3 g5 26. Qh1 g4 27. Ne4 Bxe4 28. Rxe4 Qf5 29. Qh4 Rh6 30. Nd2 {
0-1 Kramnik,V-Ehlvest,J/Novgorod 1995/CBM 48/[Ftacnik]})) 13... b4 14. dxe6
fxe6 15. e5 Nd5 16. Nxd5 Bxd5 17. Ng5 Be7 18. Bh5+ {1-0 Martin,P-Wexler/Buenos
Aires ch-ARG,1951 (41)}) 11... Nh5 (11... exd5 12. O-O-O $40) 12. Be3 (12. Bg5
Be7 13. dxe6 fxe6 14. h4 $36) 12... e5 (12... exd5 {Huzman} 13. O-O-O c6 14.
Rhe1 Be7 15. e5 $44 {[%cal Gg2g4,Ge5e6]}) 13. a4 (13. O-O $5 {Huzman} c6 $140 (
13... Bd6 $142 14. a4 b4 15. Na2 $14) 14. Qe2 Nhf6 15. dxc6 Bxc6 16. a4 b4 17.
Nd5 $16) 13... b4 14. Na2 (14. Ne2 c6 15. dxc6 Rxc6 16. Qb3 $14) 14... c6 15.
dxc6 (15. Qe2 $5 cxd5 16. exd5) 15... Rxc6 (15... Bxc6 $5 16. Bxa6 $140 $2 b3
$1) 16. Qd2 (16. Qb3 $6 Nf4 $1 17. Bc4 (17. Bxf4 Nc5) 17... Nxg2+ 18. Ke2 $13)
16... Qa5 $2 (16... Rd6 $5 17. Qe2 (17. Qxb4 Ba8 18. Qc3) 17... Nc5 18. Bc4 $36
(18. Bb5+ $5) (18. Nxe5 Nxd3+ 19. Nxd3 Rxd3 20. Qxh5 Be7 21. O-O O-O 22. Bc5
Bxc5 23. Qxc5 a5 $44)) (16... Nc5 $5 17. Nxb4 (17. Nxe5 Re6 18. Bb5+ axb5 19.
Qxd8+ Kxd8 20. Nxf7+ Ke8 21. Nxh8 bxa4 $44) (17. Bxc5 Bxc5) 17... Nxd3+ 18.
Nxd3 Rd6 19. Qb4 (19. Nfxe5 Bxe4 20. Qe2 Rxd3 $19 (20... Nf6)) (19. Qc3 Rxd3
20. Qxe5+ Be7 21. Qxh5 Bxe4 (21... Bb4+ $5 22. Ke2 O-O $13) 22. O-O O-O $44)
19... Ba8 20. Nc5 $13) 17. O-O (17. Nc1 {Huzman} Bc5 18. Nb3 Qc7 $11) 17... Be7
(17... Qxa4 18. Qe2 $5 (18. Rfd1 Be7 19. Qe2 $5) (18. b3 {Huzman} Qa5 (18...
Qxb3 19. Rfb1 Qe6 (19... Qa3 20. Qd1 $1 Rd6 21. Nxb4 Qc3 22. Qa4 $32)) 19. Bc4
{[%cal Gf3g5]} Ndf6 20. Ng5 Rxc4 $1 (20... Rc7 21. Rfd1 $44) 21. bxc4 {[%csl
Rb4][%cal Gc4c5]} h6 22. Nf3 Bxe4 (22... Nxe4 23. Qb2 $16 {[%csl Rb4,Re5][%cal
Gf1b1]}) 23. c5 $16) 18... Nhf6 19. Nc3 Qb3 20. Nd5 $40) 18. Nc1 Nhf6 $6 (18...
O-O 19. Nb3 Qc7 20. Rfc1) 19. Nb3 Qc7 20. Rfc1 (20. Qe2 O-O 21. Nfd2 $5) 20...
O-O 21. Rxc6 Qxc6 (21... Bxc6 22. Qc2 {<->c}) 22. Qe2 (22. Na5 $6 {Huzman} Qc7
23. Nxb7 Qxb7 $11) 22... Ra8 (22... Nxe4 {Huzman} 23. Na5 Qc7 24. Nxb7 Qxb7 25.
Bxa6 $16) 23. Nfd2 (23. Na5 $6 Qc7 24. Nxb7 Qxb7) 23... Bd8 24. a5 (24. f3 $5
Bb6 25. a5 Bxe3+ 26. Qxe3) 24... Rc8 25. Rc1 $16 (25. f3 $5 {Huzman}) 25... Qd6
(25... Qe6 26. Bc4 Qd6 27. Bxf7+ (27. f3) 27... Kxf7 28. Rxc8 Bxc8 29. Qc4+ Ke7
30. Qxc8 Nxe4 31. Qc4 Nef6 32. h3 $16) 26. Nc4 Qe6 27. f3 Be7 28. Qd2 h6 (28...
Bc6 $5 {Huzman}) 29. Bf1 Rc6 (29... Bc6 $5 {[%cal Yc6b5] Huzman} 30. Qf2 Bb5
31. Nbd2 $14) 30. Qd3 Nb8 31. Rd1 Nfd7 32. Nb6 $2 (32. Rd2 Kh7 (32... Bg5 33.
Bxg5 hxg5 $16) 33. Nb6 Nxb6 (33... Nc5 34. Nxc5 Bxc5 35. Bxc5 Rxc5 36. Qd8 Rxa5
(36... Nc6 37. Qc7) 37. Nd5 Nc6 38. Qb6 Qc8 39. Ne7 $18) 34. axb6 Bg5 (34...
Rd6 35. Qc2 Rxd2 36. Nxd2 Bd8 37. Nc4) 35. Bxg5 hxg5 36. Na5 Rxb6 37. Qd8) (32.
Bf2 $5 Kh7) (32. Ra1 $1 $16 {/\Nb6}) (32. Bf2 $5 $14 {[%cal Gc4e3,Ge3d5] Huzman
}) 32... Nxb6 33. axb6 Rd6 34. Qc2 Rc6 35. Qd3 Rd6 36. Qc2 Rc6 1/2-1/2